ბათუმის შოთა რუსთაველის სახელმწიფო უნივერსიტეტის ბიბლიოთეკა

ტოქსიკანტების ზემოქმედება შავი ზღვის მიდიაზე / (ბიბ.ჩანაწერი № 37586)

000 -ლიდერი
ფიქსირებული სიგრძის საკონტროლო ველი 01176nam a2200229Ia 4500
001 - საკონტროლო ნომერი
საკონტროლო ველი 3557
003 - საკონტროლო ნომრის იდენტიფიკატორი
საკონტროლო ველი GE_BSU
005 - ბოლო ოპერაციის თარიღი და დრო
საკონტროლო ველი 20190619211533.0
008 - ფიქსირებული სიგრძის მონაცემთა ელემენტები - ზოგადი ინფორმაცია
ფიქსირებული სიგრძის საკონტროლო ველი 181216s2003||||ge |||||||||||||| ||geo||
040 ## - კატალოგიზაციის წყარო
Transcribing agency GE_BSU
041 ## - ენის კოდი
Language code of text/sound track or separate title geo
080 ## - უნივერსალური ათობითი კლასიფიკაციის ინდექსი
Universal Decimal Classification number 502.55+574.64+594.124+639.42+591.1 დ–43
100 ## - მთავარი ჩანაწერი - პიროვნების სახელი
Personal name დიასამიძე, ნანული
9 (RLIN) 2639
245 ## - ცნობა სათაურის შესახებ
Title ტოქსიკანტების ზემოქმედება შავი ზღვის მიდიაზე /
Statement of responsibility, etc რედ.: ნიკოლოზ მაზმანიდი
264 ## - წარმოების, გამოცემის, დისტრიბუციის და სხვა ცნობები
გამოცემის, წარმოების, დისტრიბუციის... ადგილი ბათუმი :
გამოცემის, წარმოების, დისტრიბუციის... სახელწოდება აჭარა,
გამოცემის, წარმოების, დისტრიბუციის... თარიღი 2003.
300 ## - ფიზიკური აღწერა
Extent 135 გვ. ;
Other physical details 19 სმ.
653 ## - INDEX TERM--UNCONTROLLED
Uncontrolled term შავი ზღვის წყლის გაჭუჭყიანება ტოქსიკური ნივთიერებებით
653 ## - INDEX TERM--UNCONTROLLED
Uncontrolled term მიდიებზე ტოქსიკურ ნივთიერებათა ზემოქმედება
653 ## - INDEX TERM--UNCONTROLLED
Uncontrolled term წყლის ცხოველთა ფიზიოლოგია
700 ## - ADDED ENTRY--PERSONAL NAME
Personal name მაზმანიდი, ნიკოლოზ
Relator term რედაქტორი
9 (RLIN) 2640
942 ## - ADDED ENTRY ELEMENTS (KOHA)
Koha item type წიგნი
Source of classification or shelving scheme
ეგზემპლარები
ჩამოწერის სტატუსი დაკარგული ეგზემპლარის სტატუსი კლასიფიკაციის წყარო ან თაროზე გაწყობის სქემა დაზიანების სტატუსი არ გაიცემა მუდმივი მდებარეობა (დაცვის ადგილი) ამჟამინდელი ადგილსამყოფელი თაროზე განთავსების ადგილი შეძენის თარიღი სრული შენახვის შიფრი შტრიხკოდი ბოლო ოპერაციის თარიღი ეგზემპლარის მიმდევრობითი ნომერი (კეტერი?) ფასის ძალაში შესვლის თარიღი ეგზემპლარის სახეობა საჯარო შენიშვნა
          ბათუმის შოთა რუსთაველის სახელმწიფო უნივერსიტეტის მთავარი ბიბლიოთეკა ბათუმის შოთა რუსთაველის სახელმწიფო უნივერსიტეტის მთავარი ბიბლიოთეკა წიგნსაცავი 2018-12-17 502.55+574.64+594.124+639.42+591.1 დ–43 5033 2018-12-17 5033 2018-12-17 წიგნი